Länder nach Duschgels #2 - Statistiken

Allgemein
  • Dieses Quiz wurde 42 mal gespielt
  • Das Durchschnittsergebnis liegt bei 7 aus 10
Antwortstatistiken
Bildquiz Antwort % Korrekt
Norwegen
94%
Indien
92%
Japan
89%
Mexiko
83%
Kuba
81%
Brasilien
69%
Iran
67%
Polen
64%
Ghana
56%
Äquatorialguinea
11%
Keine übereinstimmenden Quizze gefunden
Verteilung der Resultate
Anzahl Personen mit jedem Resultat
Perzentil nach korrekt beantworteten Fragen
Ihre Resultats-Entwicklung
Sie haben dieses Quiz noch nicht gespielt